000 00668nam a2200241 i 4500
001 C2-0070720
003 PPAK
005 20190630222143.0
008 970429s1965 io |||| ||||| | may d
040 _aPPAK
_beng
_cPPAK
_erda
082 0 4 _a899.2211
_223
090 0 0 _a899.2211
_bNAS
_dKIH
090 0 0 _a899.2211
_bNAS
_dKSA
100 1 _aNasution, J.U.,
_eauthor
245 1 0 _aAsmara Hadi :
_bpenjair api nasionalisme
264 1 _aDjakarta, Indonesia :
_bGunung Agung ,
_c1965
300 _a105 pages ;
_c20 cm
336 _2rdacontent
_atext
337 _2rdamedia
_aunmediated
338 _2rdacarrier
_avolume
650 1 0 _aIndonesian poetry
942 _ddc
_cB
999 _c8357
_d8357